Boletín del Sindicato Español Universitario : editado por la Delegación Provincial de Prensa y Propaganda del SEU en Barcelona editado por la Delegación Provincial de Prensa y Propaganda del SEU en Barcelona
Descripción Física:
v. ; 21 cm
MARC
| LEADER | 00000nam a2200000Ia 4500 | ||
|---|---|---|---|
| 001 | |||
| 008 | 160829s1939- xx 000 0 cat d | ||
| 008 | 160829s9999 xx 000 0 cat d | ||
| 080 | |a Q-440, exp. 73 | ||
| 100 | |a Sindicato Español Universitario |9 48641 | ||
| 245 | |a Boletín del Sindicato Español Universitario : |b editado por la Delegación Provincial de Prensa y Propaganda del SEU en Barcelona | ||
| 260 | |a Barcelona : |b SEU. Delegación Provincial de Prensa y Propaganda, |c 1939- | ||
| 300 | |a v. ; |c 21 cm | ||
| 362 | |a No. 1 (agosto 1939)- | ||
| 590 | |a Bimestral. | ||
| 590 | |a A la part inferior de la coberta: Universidad imperial. | ||
| 590 | |a Hi ha un altre exemplar a la mateixa capsa | ||
| 650 | |a Sindicato Español Universitario |x Revistes |9 48642 | ||
| 866 | |a 1939 (1) | ||
| 901 | |a Arxiu | ||
| 942 | |n 1 | ||
| 952 | |0 0 |1 0 |4 0 |6 Q440_EXP_73 |7 1 |9 54723 |a Arxiu |b Arxiu |d 2016-12-01 |l 0 |o Q-440, exp. 73 |r 2016-12-01 00:00:00 |w 2016-12-01 |y ARXIU | ||
| 999 | |c 58592 |d 58592 | ||